000 00824cab a2200289 4500
001 ABS57133
008 090401t1997 xxu||||| |||| 00| 0 eng d
035 _a(Sirsi) u98499
041 _aeng
100 _aSydenham, A.
245 _aLegal Focus : Vehicular rights of way over commons
260 _c1997
350 _a0
490 _aFarm Tax Brief
_v12(5) May 1997, 40(1)
520 _aDiscusses vehicular rights of way over commons. Looks at legislation and law.
650 _aACCESS
650 _aCOMMON LAND
650 _aCOMMONS ACT 1876
650 _aEASEMENT
650 _aHANNING V TOP DECK TRAVEL GROUP
650 _aLAW OF PROPERTY ACT 1925
650 _aRIGHTS OF WAY
650 _aWHEELDON V BURROWS
690 _aHIGHWAYS RIGHTS OF WAY AND EASEMENTS
942 _n0
948 _c17/06/1997
999 _c59882
_d59882